Slums and older housing : an overall strategy (Record no. 413609)

000 -LEADER
fixed length control field 00379cam a22001217a 4500
008 - FIXED-LENGTH DATA ELEMENTS--GENERAL INFORMATION
fixed length control field 180718b1972 xxu||||| |||| 00| 0 eng d
020 ## - INTERNATIONAL STANDARD BOOK NUMBER
International Standard Book Number 11 750536 6
082 ## - DEWEY DECIMAL CLASSIFICATION NUMBER
Classification number XA37x42 Un3 72
245 ## - TITLE STATEMENT
Title Slums and older housing : an overall strategy
Statement of responsibility, etc. by Department of the Environment
260 ## - PUBLICATION, DISTRIBUTION, ETC.
Place of publication, distribution, etc. London
Name of publisher, distributor, etc. Her Majesty's
Date of publication, distribution, etc. 1972
300 ## - PHYSICAL DESCRIPTION
Extent 10p
700 ## - ADDED ENTRY--PERSONAL NAME
Personal name U.K. Department of the Environment
Holdings
Withdrawn status Lost status Damaged status Not for loan Permanent Location Current Location Date acquired Full call number Barcode Date last seen Price effective from Koha item type
        Indian Institute of Public Administration Indian Institute of Public Administration 2009-02-17 XA37x42 Un3 72 DA4143 2018-07-21 2018-07-21 DA

Powered by Koha